Normal view
MARC view
- Urdu History
Entry Topical Term
001 - CONTROL NUMBER
- control field: 109685
003 - CONTROL NUMBER IDENTIFIER
- control field: NUST
005 - DATE AND TIME OF LATEST TRANSACTION
- control field: 20230301132436.0
008 - FIXED-LENGTH DATA ELEMENTS
- fixed length control field: 230301|| aca||aabn | a|a d
040 ## - CATALOGING SOURCE
- Original cataloging agency: NUST
- Transcribing agency: NUST
150 ## - HEADING--TOPICAL TERM
- Topical term or geographic name entry element: Urdu History
670 ## - SOURCE DATA FOUND
- Source citation: Work cat.: (NUST): khani, Noor Ahmed Qaim 109684, fatah gur se farar /, 1977
